LEADER 00915nam0-22003251i-450- 001 990001331950403321 010 $a0-12-554765-X 035 $a000133195 035 $aFED01000133195 035 $a(Aleph)000133195FED01 035 $a000133195 100 $a20000920d1993----km-y0itay50------ba 101 0 $aeng 200 1 $aFundamental developments of computer-aided geometric modeling$fEdited by Les A. Piegl. 210 $aLondon$cAcademic Press$dc1993. 215 $axiv, 414 p.$cill.$d24 cm 610 0 $aGeometria computazionale 610 0 $aCagd 676 $a516.60285 702 1$aPiegl,$bL.A. 801 0$aIT$bUNINA$gRICA$2UNIMARC 901 $aBK 912 $a990001331950403321 952 $a124-N-19$b12742$fMA1 959 $aMA1 962 $a68U05 962 $a65Y25 996 $aFundamental developments of computer-aided geometric modeling$9375872 997 $aUNINA DB $aING01 LEADER 01110nam0-2200337---450- 001 990009685900403321 005 20130917104404.0 035 $a000968590 035 $aFED01000968590 035 $a(Aleph)000968590FED01 035 $a000968590 100 $a20130218g20092010km-y0itay50------ba 101 0 $aita 102 $aIT 105 $a--------001yy 200 1 $a<>tradizione della patria$fMarino Biondi 210 $aRoma$cEdizioni di storia e letteratura$d2009-2010 215 $a2 v.$d24 cm 225 1 $aTemi e testi$iFondazione Serra$v75$v77 327 1 $a1.: Letteratura e Risorgimento : da vittorio Alfieri a ferdinando Martibni. - 2009$a2.: Carduccianesimo e storia d'Italia. - 2010 610 0 $aRisorgimento italiano nella letteratura 676 $a850.9358 700 1$aBiondi,$bMarino$0158411 801 0$aIT$bUNINA$gRICA$2UNIMARC 901 $aBK 912 $a990009685900403321 952 $a850.9358 BIO 1(1)$bDip.d.s.13513/1$fFLFBC 952 $a850.9358 BIO 1(1)$bDip.d.s.13513/2$fFLFBC 959 $aFLFBC 996 $aTradizione della patria$9839317 997 $aUNINA